| 000 | 01630cam a22003375a 4500 | ||
|---|---|---|---|
| 001 | 17380250 | ||
| 005 | 20171010132746.0 | ||
| 008 | 120705s2012 enk frb 001 0 eng d | ||
| 020 | _a9781844679614 | ||
| 040 |
_aIEN/DLC _cIEN _dDLC _dEG-ScBUE _beng |
||
| 043 | _af-ua--- | ||
| 082 | 0 | 4 |
_a322.50962 _bKAZ _222 |
| 100 | 1 |
_aKandil, Hazem. _938457 |
|
| 245 | 1 | 0 |
_aSoldiers, spies, and statesmen : _bEgypt's road to revolt / _cHazem Kandil. |
| 260 |
_aLondon ; _aNew York : _bVerso, _c2012. |
||
| 300 |
_a303 p. ; _c24 cm. |
||
| 500 | _aIndex : p. 293-303. | ||
| 504 | _aBibliography : p. [273]-292. | ||
| 505 | 0 | _aPrelude : countdown to the July 1952 coup -- The dark side of militarism : the March 1954 crisis -- Two states within a state : the road to June 1967 -- Eradicating the centers of power : the corrective revolution of May 1971 -- Twilight of the generals : October 1973 and its discontents -- The long lull before the perfect storm : revolt in January 2011 -- On the threshold of power : the military after the revolt. | |
| 650 | 7 |
_aCivil-military relations _zEgypt. _2BUEsh |
|
| 650 | 7 |
_aRevolutions _zEgypt _xHistory _y20th century. _2BUEsh |
|
| 650 | 7 |
_aRevolutions _zEgypt _xHistory _y21st century. _2BUEsh |
|
| 650 | 7 |
_aPolice power _zEgypt. _2BUEsh |
|
| 651 | 7 |
_aEgypt _xArmed Forces _xPolitical activity. _2BUEsh |
|
| 651 | 7 |
_aEgypt _xPolitics and government _y1952-1970. _2BUEsh |
|
| 651 | 0 |
_aEgypt _xPolitics and government _y1970-1981. _2BUEsh |
|
| 651 | 7 |
_aEgypt _xPolitics and government _y1981- _2BUEsh |
|
| 653 |
_bBUSBOL _cOctober2015 _cOctober2017 |
||
| 655 |
_vText book _933728 |
||
| 942 |
_2ddc _k322.50962 KAZ |
||
| 999 |
_c20876 _d20848 |
||